| 000 | 00558nam a22001937a 4500 | ||
|---|---|---|---|
| 005 | 20130606111133.0 | ||
| 010 | _aENG-107301 | ||
| 020 |
_a9788183163606 _c95.00 |
||
| 035 | _aEN-90834 | ||
| 037 | _bDBAD/PUB | ||
| 082 | _a501 | ||
| 100 | _aVidya Sagar,J. | ||
| 245 |
_aScientific attitude scale / _cby J.Vidya Sagar |
||
| 260 |
_aHyderabad _bNeelkamal Publications _c2012 |
||
| 270 |
_aSultan Bazar _bHyderabad _e500095 |
||
| 300 |
_avii,40p. _c22cm(pbk) |
||
| 500 | _aIncludes bibliographical references | ||
| 942 |
_2ddc _cEN _mVID _h501 |
||
| 999 |
_c76163 _d76163 |
||